000
00226 a2200109 4500
003
Nust
005
20170207154233.0
040
_c
Nust
082
_a
371.33
245
_a
Train Green (VHS-585)
440
_a
Train Green (VHS-585)
538
_a
Duration 35-Mins
999
_c
196015
_d
196015